[Event "39th Olympiad Women"]
[Site "Khanty-Mansiysk RUS"]
[Date "2010.10.03"]
[Round "11"]
[White "Vahtra,T"]
[Black "Sasmazel,B"]
[Result "1-0"]
[WhiteElo "1991"]
[BlackElo "1909"]

1.d4 Nf6 2.Bg5 d5 3.Bxf6 exf6 4.e3 Bd6 5.c4 dxc4 6.Bxc4 O-O 7.Nd2 c6 8.Qc2 f5
9.Ngf3 g6 10.h4 Nd7 11.h5 Nf6 12.hxg6 hxg6 13.Ke2 Kg7 14.Rh4 Qe7 15.Rah1 Be6
16.Ng5 Rh8 17.Bxe6 fxe6 18.Qc4 Rxh4 19.Nxe6+ Qxe6 20.Qxe6 Rxh1 21.Qxd6 Rf8
22.Nf3 Ne4 23.Qe5+ Rf6 24.Qe7+ Rf7 25.Qe6 Rf6 26.Qe7+ Rf7 27.Qb4 Rc1 28.Ne5 a5
29.Qxa5 Re7 30.Qd8 Rc2+ 31.Ke1 Rc1+ 32.Ke2 Rc2+ 33.Kd1 Rd2+ 34.Kc1 Rxe5 35.Qc7+  1-0

[Event "FSIMB October"]
[Site "Budapest HUN"]
[Date "2010.10.06"]
[Round "5"]
[White "Turzo,A"]
[Black "Oparin,G"]
[Result "1/2-1/2"]
[WhiteElo "2331"]
[BlackElo "2305"]

1.d4 d5 2.Bg5 Nf6 3.Bxf6 exf6 4.e3 Be6 5.Bd3 Nd7 6.Ne2 f5 7.Nd2 Nf6 8.c4 c6
9.Nf4 Qd7 10.O-O Bd6 11.Nxe6 fxe6 12.f4 O-O 13.c5 Bc7 14.b4 a5 15.a3 Rfb8
16.Nf3 b5 17.h3 Ra7 18.Rf2 Rba8 19.Rb1 axb4 20.axb4 Ra3 21.Rfb2 Ne4 22.Rc1 Qe8
23.Rb3 Ra2 24.Bxe4 fxe4 25.Nd2 Qg6 26.Rc2 Ra1 27.Rb1 R1a3 28.Nf1 Qf5 29.g4 Qf6
30.g5 Qf5 31.Qg4 Rf8 32.Qxf5 exf5 33.Rcb2 Rfa8 34.Rb3 Ra2 35.Ng3 g6 36.R3b2 R2a3
37.Rb3 Ra2 38.R3b2 R2a3 39.Rb3  1/2-1/2

[Event "FSIMA October"]
[Site "Budapest HUN"]
[Date "2010.10.07"]
[Round "6"]
[White "Vegh,E"]
[Black "Brustkern,J"]
[Result "1/2-1/2"]
[WhiteElo "2260"]
[BlackElo "2299"]

1.d4 Nf6 2.Bg5 d5 3.e3 c6 4.Bd3 Ne4 5.Bxe4 dxe4 6.Nc3 Bf5 7.Nge2 Nd7 8.Ng3 Qa5
9.O-O h6 10.Bf4 g5 11.Bc7 Qxc7 12.Nxf5 O-O-O 13.Nxe4 e6 14.Nfg3 f5 15.Nd2 h5
16.c3 h4 17.Ne2 Bd6 18.f4 Nf6 19.Nc4 Nd5 20.Qd3 Rhg8 21.Nxd6+ Qxd6 22.c4 Nf6
23.Rad1 Rd7 24.c5 Qc7 25.Kh1 Rdg7 26.fxg5 Rxg5 27.Nf4 Qd7 28.Rd2 Ne4 29.Re2 Rh8
30.Qc4 Rh6 31.Kg1 h3 32.g3 Rg7 33.b4 a6 34.a4 e5 35.Nd3 exd4 36.exd4 Re6
37.Rxf5 Nxg3 38.Rf8+ Kc7 39.Rxe6 Ne4+ 40.Kh1 Rg1+ 41.Kxg1 Qg7+ 42.Kf1 Qg2+
43.Ke1 Qd2+ 44.Kf1 Qg2+ 45.Ke1  1/2-1/2

[Event "Tatry Open"]
[Site "Tatranske Zruby CZE"]
[Date "2010.10.07"]
[Round "7"]
[White "Mocary,M"]
[Black "Parak,D"]
[Result "0-1"]
[WhiteElo "1979"]
[BlackElo "2168"]

1.d4 Nf6 2.Bg5 g6 3.Bxf6 exf6 4.e3 Bg7 5.g3 O-O 6.Bg2 d5 7.Ne2 c6 8.c3 Re8
9.O-O Nd7 10.Nd2 Nf8 11.c4 dxc4 12.Nxc4 Ne6 13.Rc1 Ng5 14.Nf4 Ne6 15.Nxe6 Bxe6
16.Qc2 Rc8 17.b4 Qe7 18.a3 Bd5 19.e4 Be6 20.Ne3 Red8 21.Rfd1 Bf8 22.Qa4 a5
23.d5 cxd5 24.exd5 Bd7 25.Qxa5 Ra8 26.Qb6 Rxa3 27.d6 Qe8 28.Nd5 Kg7 29.Nc7 Qe2
30.Re1 Qd2 31.Rcd1 Qc2 32.Be4 Qb2 33.Nb5 Ra2 34.Bd5 Raa8 35.Nc7 Rab8 36.Rb1 Qd2
37.Red1 Qe2 38.Re1 Qd2 39.Rbd1 Qb2 40.Re7 Bxe7 41.dxe7 Qe2 42.Bb3 Qxe7 43.Nd5 Qe6
44.Qd4 Qe5 45.Qb6 Bc6 46.f4 Qb2 47.Qe3 Ra8 48.b5 Bxd5 49.Bxd5 Rxd5  0-1

[Event "TCh-HUN 2010-11"]
[Site "Budapest HUN"]
[Date "2010.10.10"]
[Round "1"]
[White "Nagy,Danie"]
[Black "Karolyi,T jr"]
[Result "1/2-1/2"]
[WhiteElo "2309"]
[BlackElo "2337"]

1.d4 Nf6 2.Bg5 d5 3.e3 Ne4 4.Bf4 c5 5.Nf3 Qb6 6.Qc1 cxd4 7.Nxd4 f6 8.Bxb8 Rxb8
9.Bb5+ Kf7 10.Be2 e5 11.Nb3 Be6 12.N1d2 Nd6 13.O-O Be7 14.c4 Rbc8 15.c5 Qb4
16.a3 Qa4 17.Qc3 Nc4 18.Qb4 Qxb4 19.axb4 Nxd2 20.Nxd2 b6 21.Rxa7 bxc5 22.bxc5 Rxc5
23.Bd3 g6 24.b4 Rc3 25.Ba6 Rb8 26.b5 Ke8 27.Rb1 Bc8 28.b6 Bxa6 29.Rxa6 Rc6
30.Ra5 Rcxb6 31.Rxb6  1/2-1/2

[Event "I Memorial Oliver Gonzalez"]
[Site "Madrid ESP"]
[Date "2010.10.14"]
[Round "6"]
[White "Avendano Mateos,J"]
[Black "Ananian,A"]
[Result "1-0"]
[WhiteElo "1992"]
[BlackElo "1787"]

1.d4 Nf6 2.Bg5 g6 3.Bxf6 exf6 4.e4 Bg7 5.g3 O-O 6.Bg2 Re8 7.Ne2 d6 8.O-O c6
9.Nd2 f5 10.f3 fxe4 11.Nxe4 d5 12.Nc5 Nd7 13.Nb3 Nb6 14.Nd2 Bf5 15.c3 Qd7
16.Re1 Bh6 17.b3 Re3 18.g4 Bxg4 19.fxg4 Rd3 20.Ng3 Rxd2 21.Qf3 Qd6 22.Rf1 Rf8
23.h4 Qa3 24.g5 Bg7 25.Rae1 Qxa2 26.b4 Nc4 27.Bh3 Nd6 28.Qf4 Rh2 29.Nf5 Nxf5
30.Qxh2 Qxh2+ 31.Kxh2 Nd6 32.Re7 Re8 33.Rfe1 Rxe7 34.Rxe7 Bf8 35.Re3 Kg7
36.Bd7 h6 37.Kh3 hxg5 38.hxg5 f6 39.gxf6+ Kxf6 40.Kg2 a6 41.Rh3 Bg7 42.Rf3+ Ke7
43.Bg4 Kd8 44.Kf1 Kc7 45.Ke2 Kb6 46.Kd3 a5 47.bxa5+ Kxa5 48.Rh3 Ne4 49.Kc2 Bf6
50.Rh6 g5 51.Bf3 Bd8 52.Bxe4 dxe4 53.Re6 Bc7 54.Rxe4 Kb5 55.Kb3 Bf4 56.c4+ Kb6
57.Re7 Ka6 58.Re6 Kb6 59.Kc2 Kc7 60.Re7+ Kb6 61.Kd3 Bd6 62.c5+  1-0

[Event "WY Boys-U14"]
[Site "Porto Carras GRE"]
[Date "2010.10.21"]
[Round "2.15"]
[White "Tran Tuan Minh"]
[Black "Kumic,F"]
[Result "1/2-1/2"]
[WhiteElo "2227"]
[BlackElo "2046"]

1.d4 Nf6 2.Bg5 d5 3.Bxf6 exf6 4.e3 Bd6 5.g3 O-O 6.Bg2 c6 7.Ne2 f5 8.Nd2 Nd7
9.c4 dxc4 10.Nxc4 Bc7 11.O-O Nf6 12.Qc2 Be6 13.Rac1 Qe7 14.b3 g6 15.Nc3 h5
16.Nb2 h4 17.Nd3 hxg3 18.hxg3 Rad8 19.Nc5 Bc8 20.b4 Bd6 21.Rb1 Ng4 22.Rfe1 Qg5
23.Nd3 Qh5 24.Ne2 Nh2 25.Rec1 Nf3+ 26.Kf1 Nh2+ 27.Ke1 Nf3+ 28.Kf1 Nh2+  1/2-1/2

[Event "WY Boys-U14"]
[Site "Porto Carras GRE"]
[Date "2010.10.23"]
[Round "4.6"]
[White "Tran Tuan Minh"]
[Black "Drozdowski,K"]
[Result "0-1"]
[WhiteElo "2227"]
[BlackElo "2303"]

1.d4 Nf6 2.Bg5 d5 3.e3 c5 4.Bxf6 gxf6 5.Nc3 e6 6.Qh5 Nc6 7.Nge2 b5 8.dxc5 b4
9.Na4 Bd7 10.b3 Qa5 11.Nf4 Ne5 12.Bd3 Bxc5 13.Nxc5 Qxc5 14.O-O Ke7 15.Qh6 Rag8
16.Kh1 Rg5 17.Rae1 Bc6 18.f3 d4 19.exd4 Qxd4 20.Be4 Qd2 21.h4 Rxg2  0-1

[Event "WY Boys-U14"]
[Site "Porto Carras GRE"]
[Date "2010.10.24"]
[Round "5.8"]
[White "Girish,A"]
[Black "Boscolo,F"]
[Result "1/2-1/2"]
[WhiteElo "2342"]
[BlackElo "2152"]

1.d4 Nf6 2.Bg5 c5 3.Bxf6 gxf6 4.d5 Qb6 5.Qc1 f5 6.g3 Qh6 7.Nd2 Bg7 8.Bg2 d6
9.Nh3 Na6 10.a4 O-O 11.c3 Nc7 12.Nf4 e5 13.dxe6 fxe6 14.O-O Rb8 15.a5 Bd7
16.Rd1 Bc6 17.Qc2 Rfd8 18.e3 d5 19.c4 d4 20.e4 Rf8 21.Nd3 Na6 22.f4 fxe4
23.Nxe4 e5 24.Qd2 exf4 25.Nxf4 Rbe8 26.Re1 Re7 27.Nf2 Rfe8 28.Rxe7 Rxe7 29.Re1 Qd6
30.Bd5+ Bxd5 31.Nxd5 Rxe1+ 32.Qxe1 Qe5 33.Qxe5 Bxe5 34.Nd3 Bg7 35.Kg2 Kf7
36.Kf3 Bh6 37.N5f4 Ke7 38.h4 Kd6 39.g4 Nb8 40.g5 Bf8 41.Nd5 Nc6 42.a6 b5
43.cxb5 Kxd5 44.Nf4+ Kd6 45.bxc6 Kxc6 46.h5 Be7 47.g6 hxg6 48.hxg6 Bf6 49.Ke4 c4
50.Nh5 Bh8 51.g7 Bxg7 52.Nxg7 c3 53.bxc3 dxc3 54.Kd3 Kb6 55.Kxc3 Kxa6  1/2-1/2

[Event "20th World Seniors"]
[Site "Arco ITA"]
[Date "2010.10.28"]
[Round "3"]
[White "Pajcin,J"]
[Black "Poropat,M"]
[Result "1-0"]
[WhiteElo "1869"]
[BlackElo "2055"]

1.d4 Nf6 2.Bg5 d5 3.Bxf6 gxf6 4.e3 Bf5 5.c4 dxc4 6.Bxc4 e6 7.Nc3 Bb4 8.Ne2 Rg8
9.Ng3 Bg6 10.Qa4+ Nc6 11.Bb5 Bxc3+ 12.bxc3 Qd5 13.O-O Kf8 14.f4 Ne7 15.Bc4 Qc6
16.Qxc6 Nxc6 17.e4 f5 18.e5 Kg7 19.Rab1 Rab8 20.Be2 Rgd8 21.Bf3 Na5 22.Rb4 f6
23.exf6+ Kxf6 24.Rfb1 b6 25.Nf1 Be8 26.Ne3 Bc6 27.Bxc6 Nxc6 28.Rc4 Rd6 29.d5 exd5
30.Nxd5+ Rxd5 31.Rxc6+ Ke7 32.Rxc7+ Rd7 33.Re1+ Kd8 34.Rxd7+ Kxd7 35.Re5 Rf8
36.Kf2  1-0

[Event "Chigorin Mem Classic Open"]
[Site "St Petersburg RUS"]
[Date "2010.10.28"]
[Round "1"]
[White "Ovod,E"]
[Black "Azimova,K"]
[Result "1-0"]
[WhiteElo "2401"]
[BlackElo "2011"]

1.d4 Nf6 2.Bg5 g6 3.Bxf6 exf6 4.c4 f5 5.Nc3 Bg7 6.g3 O-O 7.Bg2 c6 8.e3 Na6
9.Nge2 Rb8 10.O-O Nc7 11.b4 b5 12.cxb5 Nxb5 13.Nxb5 Rxb5 14.a3 a5 15.Nc3 Rb8
16.Qa4 Ba6 17.Rfc1 axb4 18.Qxa6 bxc3 19.Rxc3 Rb2 20.a4 f4 21.gxf4 Qh4 22.Qf1 Rfb8
23.a5 R2b5 24.a6 Ra8 25.Qxb5 cxb5 26.Bxa8 Qd8 27.Bb7  1-0

[Event "Chigorin Mem Classic Open"]
[Site "St Petersburg RUS"]
[Date "2010.10.30"]
[Round "3"]
[White "Yemelin,V"]
[Black "Bodnaruk,A"]
[Result "1-0"]
[WhiteElo "2571"]
[BlackElo "2399"]

1.d4 Nf6 2.Bg5 g6 3.Bxf6 exf6 4.c4 Bg7 5.Nc3 f5 6.g3 O-O 7.e3 d6 8.Bg2 Nd7
9.Nge2 Nf6 10.O-O h5 11.h4 Ng4 12.Qd2 Re8 13.Nf4 c6 14.b4 Bd7 15.b5 Rc8 16.Rab1 Nf6
17.bxc6 bxc6 18.Rb7 Rc7 19.Rfb1 Bc8 20.Rb8 Nd7 21.R8b2 Nb6 22.Bf1 Be6 23.Nxe6 fxe6
24.a4 e5 25.d5 c5 26.a5 Nc8 27.Rb8 Rf8 28.e4 Rcf7 29.a6 Kh7 30.exf5 gxf5
31.R1b7 Qf6 32.Qg5 Qxg5 33.hxg5 Kg6 34.Nb5 Nb6 35.Rxf8 Bxf8 36.Nxa7 e4 37.Nc6 Nc8
38.Bh3  1-0

[Event "Chigorin Mem Classic Open"]
[Site "St Petersburg RUS"]
[Date "2010.10.30"]
[Round "3"]
[White "Pischikov,V"]
[Black "Guzenko,A"]
[Result "0-1"]
[WhiteElo "2041"]
[BlackElo "2213"]

1.d4 Nf6 2.Bg5 d5 3.e3 Bf5 4.Nf3 Nbd7 5.Nbd2 h6 6.Bh4 c5 7.c3 e6 8.Ne5 Be7
9.g4 Bh7 10.g5 hxg5 11.Bxg5 Nxe5 12.dxe5 Nd7 13.Bf4 Qb6 14.e4 g5 15.exd5 exd5
16.Bg3 Qxb2 17.Rc1 c4 18.Be2 Ba3 19.O-O Qxc1 20.Qxc1 Bxc1 21.Rxc1 Nc5 22.Nf3 Ne6
23.h4 Be4 24.hxg5 Nxg5 25.Nh4 Kd7 26.Bg4+ Kc6 27.f3 Rag8 28.Kf2 Bd3 29.Ng2 Ne6
30.Ne3 b5 31.a4 bxa4 32.Ra1 Nc5 33.Nf5 Bxf5 34.Bxf5 Rb8 35.Ke3 Rb2 36.Bf4 Rg8
37.Bg4 Rc2 38.Ra3 Rb8 39.Bf5 Rcb2 40.Ra1 R8b3 41.Rc1  0-1

[Event "14th OIBM"]
[Site "Bad Wiessee GER"]
[Date "2010.10.31"]
[Round "2.30"]
[White "Feldbacher,H"]
[Black "Meins,G"]
[Result "1/2-1/2"]
[WhiteElo "2131"]
[BlackElo "2475"]

1.d4 Nf6 2.Bg5 c5 3.d5 Qb6 4.Bxf6 gxf6 5.Nd2 Qxb2 6.Ngf3 d6 7.e4 Bh6 8.Rb1 Bxd2+
9.Nxd2 Qe5 10.Bb5+ Kd8 11.O-O Rg8 12.f4 Qd4+ 13.Kh1 f5 14.c3 Qg7 15.Rf2 fxe4
16.Nxe4 Nd7 17.Bxd7 Kxd7 18.Qa4+  1/2-1/2

[Event "Chigorin Mem Classic Open"]
[Site "St Petersburg RUS"]
[Date "2010.10.31"]
[Round "4"]
[White "Sichinava,Z"]
[Black "Tunik,G"]
[Result "1-0"]
[WhiteElo "2330"]
[BlackElo "2457"]

1.d4 Nf6 2.Bg5 g6 3.Bxf6 exf6 4.g3 Bg7 5.Bg2 O-O 6.e3 f5 7.Ne2 d6 8.O-O Nd7
9.c4 Nf6 10.Nd2 Re8 11.Rc1 c6 12.Nf4 Bd7 13.b4 a5 14.b5 a4 15.Qc2 h5 16.h4 Ng4
17.Qd3 Qa5 18.Rb1 Rad8 19.bxc6 bxc6 20.Rb7 Bc8 21.Rb2 c5 22.Bd5 Nxe3 23.fxe3 Rxe3
24.Qxe3 Bxd4 25.Qxd4 cxd4 26.Nf3 Re8 27.Ng5 Kg7 28.Bxf7 Re1 29.Bd5 d3 30.Nxd3 Rxf1+
31.Kxf1 Qc3 32.Ke2 f4 33.gxf4 Bf5 34.Rd2 Qd4 35.Nf3 Qa1 36.Ke3 a3 37.c5 dxc5
38.Nxc5 Qb1 39.Ne6+ Kf6 40.Ned4 Bg4 41.Be4 Qc1 42.Bc2 Kg7 43.Kf2 Qa1 44.Bb3 Qc1
45.Kg3 Kh6 46.Be6 Bxf3 47.Nxf3 Qc6 48.Rd7 Qa4 49.Ng5  1-0

[Event "Chigorin Mem Classic Open"]
[Site "St Petersburg RUS"]
[Date "2010.11.01"]
[Round "5"]
[White "Ipatov,A ESP"]
[Black "Sichinava,Z"]
[Result "1-0"]
[WhiteElo "2521"]
[BlackElo "2330"]

1.d4 Nf6 2.Bg5 c5 3.Bxf6 gxf6 4.d5 Qb6 5.Qc1 Bh6 6.e3 d6 7.c4 Nd7 8.Nc3 f5
9.Qd2 Rg8 10.f4 Bg7 11.Rb1 Bxc3 12.Qxc3 Nf6 13.Ne2 Ne4 14.Qc2 Bd7 15.Nc3 Nxc3
16.Qxc3 O-O-O 17.Kf2 e5 18.Bd3 Rde8 19.a3 h5 20.h4 Rg6 21.g3 Reg8 22.Rbg1 Re8
23.Be2 Rh6 24.Bf3 f6 25.Rb1 Re7 26.b4 Be8 27.Rb2 Rg7 28.Qc2 Rhg6 29.Rh3 Rh6
30.Rh2 Bd7 31.Qb1 Qa6 32.Be2 Rhg6 33.Rh3 Rh6 34.a4 e4 35.a5 cxb4 36.Rxb4 Be8
37.c5 Qxa5 38.c6 Rhh7 39.Rh1 Qxd5 40.Rd1 Qa5 41.Rxd6 Bxc6 42.Rxf6 Rf7 43.Rg6 Rfg7
44.Bxh5 Rxg6 45.Bxg6 Rd7 46.Qb2 Qc5 47.Rd4 Re7 48.h5 Be8 49.Rd2 Qa5 50.Bxe8 Rxe8
51.h6 Qb6 52.Qxb6 axb6 53.g4 fxg4 54.Kg3 Rh8 55.Rh2 b5 56.Kxg4 b4 57.Kg5 b3
58.Kg6  1-0

[Event "Chigorin Mem Classic Open"]
[Site "St Petersburg RUS"]
[Date "2010.11.03"]
[Round "7"]
[White "Sichinava,Z"]
[Black "Dubov,Danii"]
[Result "0-1"]
[WhiteElo "2330"]
[BlackElo "2456"]

1.d4 Nf6 2.Bg5 c5 3.Bxf6 gxf6 4.d5 Qb6 5.Qc1 f5 6.c4 f4 7.Nc3 d6 8.g3 fxg3
9.hxg3 Nd7 10.e3 Ne5 11.f4 Ng4 12.Bd3 Bg7 13.Nge2 Bd7 14.Rb1 O-O-O 15.Ne4 e6
16.Nf2 exd5 17.cxd5 Kb8 18.Nxg4 c4 19.Qxc4 Bxg4 20.Kd2 Rhe8 21.Nd4 Qa5+ 22.b4 Qb6
23.b5 Rc8 24.Qa4 Rxe3 25.Kxe3 Re8+ 26.Kf2 Bxd4+ 27.Kg2 Bc3 28.Rhf1 Qe3 29.Qc2 Rg8
30.Rg1 Be2 31.Qxe2 Rxg3+ 32.Kh2 Rh3+ 33.Kg2 Qg3+ 34.Kf1 Qxf4+  0-1

[Event "Chigorin Mem Classic Open"]
[Site "St Petersburg RUS"]
[Date "2010.11.05"]
[Round "9"]
[White "Damia,A"]
[Black "Naumenko,O"]
[Result "1-0"]
[WhiteElo "2287"]
[BlackElo "2124"]

1.d4 Nf6 2.Bg5 c5 3.Nc3 Qa5 4.Bxf6 gxf6 5.e3 Nc6 6.d5 Ne5 7.f4 Ng6 8.h4 h5
9.Be2 f5 10.Bxh5 Bg7 11.Kd2 Qb4 12.Bxg6 fxg6 13.Rb1 e5 14.a3 Qa5 15.fxe5 Bxe5
16.Nf3 d6 17.Nxe5 dxe5 18.h5 g5 19.h6 g4 20.Qe1 Qd8 21.Qg3 Qf6 22.Rbf1 Qe7
23.Nb5 O-O 24.Kc1 a6 25.d6 Qf6 26.Nc7 Rb8 27.Nd5 Qxd6 28.Qh4 Kh7 29.Qg5 Rf7
30.Rd1 Bd7 31.Nf4 Qf8 32.Qg6+ Kh8 33.Nh5 Bc6 34.Rh2 Re8 35.Rd6 g3 36.Rh3 f4
37.Rf6 Rxf6 38.Nxf6 Re7 39.e4 Qf7 40.Qg5 Re6 41.Nd5 Bxd5 42.exd5 Re8 43.d6 e4
44.Qxc5 e3 45.Qd4+ Kh7 46.Qd3+ Qg6 47.Qxg6+ Kxg6 48.d7 Rd8 49.h7 e2 50.Kd2 f3
51.gxf3 g2 52.Rg3+ Kxh7 53.Rxg2 e1=N 54.Kxe1 Rxd7 55.Ke2 Re7+ 56.Kd3 Kh6
57.f4  1-0

[Event "Chigorin Mem Classic Open"]
[Site "St Petersburg RUS"]
[Date "2010.11.05"]
[Round "9"]
[White "Smirnov,Arte"]
[Black "Komiagina,M"]
[Result "1-0"]
[WhiteElo "2426"]
[BlackElo "2263"]

1.d4 Nf6 2.Bg5 c5 3.d5 Qb6 4.Nc3 Qxb2 5.Bd2 Qb6 6.e4 d6 7.f4 Nfd7 8.Nf3 g6
9.Rb1 Qd8 10.e5 Bg7 11.e6 fxe6 12.Ng5 Nf8 13.Bb5+ Bd7 14.dxe6 Bxb5 15.Rxb5 Qc8
16.O-O Nxe6 17.Qg4 Na6 18.Qxe6 Qxe6 19.Nxe6 Bf6 20.Rxb7 Kf7 21.Ng5+ Kg7 22.Nd5 Rhb8
23.Rfb1 h6 24.Ne4 Bd4+ 25.Kf1 Kf8 26.Nxe7 Nb4 27.Nxg6+ Kg8 28.Rxb8+ Rxb8
29.c3 Re8 30.Nxd6 Re6 31.Nf5  1-0

[Event "VII Open"]
[Site "Figueira da Foz POR"]
[Date "2010.11.06"]
[Round "8.7"]
[White "Galego,L"]
[Black "Leite,C"]
[Result "1-0"]
[WhiteElo "2500"]
[BlackElo "2183"]

1.d4 Nf6 2.Bg5 g6 3.Bxf6 exf6 4.e3 Bg7 5.g3 d6 6.Bg2 f5 7.c4 Nd7 8.Nc3 Nf6
9.Qc2 O-O 10.Nd5 Nd7 11.Ne2 c6 12.Ndc3 Re8 13.Rd1 Nf6 14.b4 a5 15.b5 Bd7
16.O-O cxb5 17.cxb5 Rc8 18.Bxb7 Rc7 19.Bc6 Bxc6 20.bxc6 Rxc6 21.Qa4 Qa8 22.Qb5 Rec8
23.Nd5 Nxd5 24.Qxd5 Rc2 25.Nf4 Qxd5 26.Nxd5 Bf8 27.a4 R8c4 28.Ra1 Rb2 29.Rfc1 Rcc2
30.Rxc2 Rxc2 31.h4 Kg7 32.Kf1 h6 33.Ra3 g5 34.hxg5 hxg5 35.Rb3 Ra2 36.Nb6 Be7
37.Rb5 Bd8 38.Nd5 Rxa4 39.Rb8 Bf6 40.Rb6 g4 41.Rxd6 Bg5 42.Ra6 Ra1+ 43.Kg2 Ra2
44.Ra7 a4 45.Ra5 Kg6 46.Nb4 Rd2 47.Kf1 Rd1+ 48.Ke2 Ra1 49.Nd3 Ra2+ 50.Kf1 Ra1+
51.Kg2 Ra2 52.Ne5+ Kf6 53.Nc4 Kg6 54.Ra6+ Kh7 55.d5 a3 56.Rxa3 Rxa3 57.Nxa3 Kg6
58.Kf1 Be7 59.Nc4 Bb4 60.Ne5+ Kf6 61.Nc6 Bd2 62.Ke2 Bc3 63.Kd1 Bb2 64.Kc2 Ba3
65.Kd3 Bc1 66.d6 Ke6 67.Nd4+  1-0

[Event "TCh-BEL 2010-11"]
[Site "Belgium BEL"]
[Date "2010.11.07"]
[Round "3.4"]
[White "Marville,G"]
[Black "Donovan,L"]
[Result "0-1"]
[WhiteElo "2103"]
[BlackElo "2238"]

1.d4 Nf6 2.Bg5 c5 3.Bxf6 gxf6 4.d5 d6 5.c4 Qb6 6.Qc2 Bg7 7.Nc3 f5 8.e3 Nd7
9.Nf3 Nf6 10.Bd3 Ne4 11.Nxe4 fxe4 12.Bxe4 Qxb2 13.Qxb2 Bxb2 14.Rb1 Bf6 15.Nd2 Kd8
16.f4 Kc7 17.Bf3 Bd7 18.Ne4 Bg7 19.Kd2 Rab8 20.Ng5 h6 21.Ne4 a6 22.Rhc1 b5
23.Be2 Rb6 24.a4 bxc4 25.Rxb6 Kxb6 26.Rb1+ Ka7 27.Nc3 Bf5 28.Rb2 Be4 29.Bxc4 Bxg2
30.a5 Rb8 31.Rxb8 Kxb8 32.Bxa6 Bxc3+ 33.Kxc3 Bxd5 34.Bb5 Kb7 35.Bd3 Bc6 36.e4 Ka7
37.Kd2 Bb7 38.Ke3 Ba6 39.Bc2 Bc4 40.f5 Ka6 41.Kf4 Kxa5 42.f6 exf6 43.Kf5 Kb4
44.Kxf6 Kc3 45.Bd1 Kd4 46.Ke7 Kxe4 47.Kxd6 Kd4 48.Ke7 f5  0-1

[Event "Schachbundesliga 2010-11"]
[Site "Griesheim GER"]
[Date "2010.11.13"]
[Round "3"]
[White "Jugelt,T"]
[Black "Erdos,V"]
[Result "0-1"]
[WhiteElo "2409"]
[BlackElo "2576"]

1.d4 Nf6 2.Bg5 d5 3.Bxf6 gxf6 4.e3 c5 5.c4 dxc4 6.Bxc4 cxd4 7.exd4 Bg7 8.Nf3 O-O
9.O-O Bg4 10.Qb3 Nc6 11.Qxb7 Bxf3 12.gxf3 Nxd4 13.Nc3 Rb8 14.Qxa7 Nxf3+ 15.Kg2 Qc8
16.Bd5 Qg4+ 17.Kh1 Qf4 18.Bxf3 Qxf3+ 19.Kg1 Qg4+ 20.Kh1 Qf3+ 21.Kg1 Rxb2
22.Qe3 Qxe3 23.fxe3 f5 24.Nd1 Rd2 25.Rc1 Rfd8 26.a4 e6 27.Nf2 Ra2 28.Rc4 Ra8
29.e4 fxe4 30.Nxe4 R2xa4 31.Rxa4 Rxa4 32.Nd6 Ra1 33.Rxa1 Bxa1 34.Kg2 Be5
35.Ne4 h6 36.h3 f5 37.Nc5 Kf7 38.Kf3 Bd6 39.Nd3 Kf6  0-1

[Event "1st Open"]
[Site "Brno CZE"]
[Date "2010.11.14"]
[Round "1"]
[White "Hofirek,Benedikt"]
[Black "Chudinovskikh,A"]
[Result "0-1"]
[WhiteElo "1910"]
[BlackElo "2280"]

1.d4 Nf6 2.Bg5 d5 3.Bxf6 exf6 4.e3 Bd6 5.c4 dxc4 6.Bxc4 O-O 7.Nf3 Nc6 8.O-O Bg4
9.Nc3 Qd7 10.h3 Bh5 11.Rc1 Rfe8 12.d5 Bxf3 13.Qxf3 Ne5 14.Qe2 Re7 15.Rfd1 a6
16.a4 f5 17.Qf1 Rae8 18.Bb3 h5 19.a5 Rf8 20.Ba4 Qd8 21.Ne2 g6 22.Rd4 Nd7
23.b4 Nf6 24.Qd1 Be5 25.Rd3 Ne4 26.b5 axb5 27.Bxb5 Nd6 28.Qa4 Qa8 29.Rc2 Rd8
30.h4 Qa7 31.g3 Ra8 32.Ra3 Ne4 33.a6 bxa6 34.Qxa6 Qxa6 35.Rxa6 Rb8 36.Bc6 Rb1+
37.Kg2 Rd1 38.Raa2 Kg7 39.Rc1 Rd3 40.Nf4 Bxf4 41.gxf4 Nf6 42.Rc5 Ne4 43.Rca5 f6
44.R5a3 Rd1 45.Ra1 Rd2 46.R1a2 Rxa2 47.Rxa2 g5 48.hxg5 fxg5 49.fxg5 Nxg5
50.Ra8 h4 51.Re8 Rxe8 52.Bxe8 Ne4 53.f3 Nd2 54.Bb5 Kf6 55.f4 Ne4 56.Kh3 Nc3
57.Bc6 Nd1 58.Kxh4 Nxe3 59.Kg3 Ke7 60.Kf3 Nc2 61.Bb7 Kd6 62.Ke2 Kc5 63.Kd3 Nb4+
64.Ke2 Nxd5 65.Bc8 Ne7 66.Be6 Kd4 67.Kf3 c5 68.Kg3 c4 69.Kh4 c3 70.Bb3 Kd3
71.Kg5 c2 72.Bxc2+ Kxc2 73.Kf6 Kd3  0-1

[Event "Panam-Cont 2010"]
[Site "Cali COL"]
[Date "2010.11.18"]
[Round "3"]
[White "Rodriguez Vila,A"]
[Black "Sanabria Rangel,S"]
[Result "0-1"]
[WhiteElo "2556"]
[BlackElo "2335"]

1.d4 Nf6 2.Bg5 d5 3.Bxf6 exf6 4.e3 Bd6 5.c4 dxc4 6.Bxc4 O-O 7.Nc3 f5 8.Nf3 Nd7
9.Qc2 Nb6 10.Bd3 g6 11.h4 Qe7 12.O-O-O c6 13.Kb1 h5 14.g3 Be6 15.Ng5 Rfe8
16.Rhe1 Nd5 17.Nxe6 Nxc3+ 18.bxc3 Qxe6 19.e4 fxe4 20.Bxe4 Re7 21.Re3 Qf6
22.Rg1 c5 23.d5 Rae8  0-1

[Event "TCh-FIN 2010-11"]
[Site "Sastamala FIN"]
[Date "2010.11.21"]
[Round "5.7"]
[White "Mertanen,J"]
[Black "Satonen,A"]
[Result "1-0"]
[WhiteElo "2280"]
[BlackElo "2184"]

1.d4 d5 2.Bg5 Nf6 3.e3 e6 4.Bd3 c5 5.c3 Nc6 6.Nf3 Be7 7.Nbd2 O-O 8.O-O b6
9.Ne5 Bb7 10.f4 Nxe5 11.fxe5 Ne4 12.Bxe7 Qxe7 13.Bxe4 dxe4 14.Qg4 cxd4 15.exd4 e3
16.Ne4 Kh8 17.Rae1 Ba6 18.Rf3 e2 19.Nf6 h6 20.Rh3 Rfd8 21.Qe4 g6 22.Qf4  1-0

[Event "Moscow Teams"]
[Site "Moscow RUS"]
[Date "2010.11.24"]
[Round "2"]
[White "Kireev,Al"]
[Black "Gulevich,Ar"]
[Result "1/2-1/2"]
[WhiteElo "2386"]
[BlackElo "2247"]

1.d4 d5 2.Bg5 Nf6 3.e3 Bf5 4.Bxf6 exf6 5.Nf3 Bd6 6.c4 dxc4 7.Nc3 O-O 8.Bxc4 Nd7
9.O-O c6 10.Re1 Nb6 11.Bb3 Re8 12.h3 Be6 13.Rc1 f5 14.Bxe6 Rxe6 15.Qb3 Qe7
16.d5 cxd5 17.Nxd5 Nxd5 18.Qxd5 Be5 19.Nxe5 Rxe5 20.Qd4 Re4 21.Qc5 g6 22.Qxe7 Rxe7
23.Red1 Rae8 24.Rd4 Re4 25.Kf1 Kg7 26.Rc7 R8e7 27.Rdd7 Rxd7 28.Rxd7 Rb4 29.b3 Rb6
30.Rd4 Rc6 31.Ke2 Rc2+ 32.Rd2 Rc7 33.Rd4  1/2-1/2

[Event "11th Puhajarve Rapid"]
[Site "Harjumaa EST"]
[Date "2010.11.26"]
[Round "1"]
[White "Kanep,M"]
[Black "Nyback,T"]
[Result "0-1"]
[WhiteElo "2537"]
[BlackElo "2650"]

1.d4 Nf6 2.Bg5 d5 3.Bxf6 exf6 4.e3 c6 5.g3 f5 6.Bg2 Nd7 7.Ne2 Nf6 8.b3 h5
9.h4 Ne4 10.Qd3 g6 11.a3 Bg7 12.c4 dxc4 13.bxc4 Qa5+ 14.Nbc3 Nxc3 15.Nxc3 c5
16.O-O O-O 17.Nd5 Rb8 18.Rab1 cxd4 19.exd4 Qd8 20.Rfd1 b6 21.Nb4 Bb7  0-1

[Event "11th Puhajarve Rapid"]
[Site "Harjumaa EST"]
[Date "2010.11.26"]
[Round "2"]
[White "Kanep,M"]
[Black "Nyback,T"]
[Result "0-1"]
[WhiteElo "2537"]
[BlackElo "2650"]

1.d4 Nf6 2.Bg5 d5 3.Bxf6 exf6 4.e3 c6 5.g3 f5 6.Bg2 Nd7 7.Ne2 Nf6 8.b3 h5
9.h4 Ne4 10.Qd3 g6 11.a3 Bg7 12.c4 dxc4 13.bxc4 Qa5+ 14.Nbc3 Nxc3 15.Nxc3 c5
16.O-O O-O 17.Nd5 Rb8 18.Rab1 cxd4 19.exd4 Qd8 20.Rfd1 b6 21.Nb4 Bb7 22.Bxb7 Rxb7
23.d5 f4 24.Qf3 fxg3 25.fxg3 Qd6 26.Kg2 Re7 27.Nc6 Ree8 28.Re1 Qc5 29.Qf4 Qxa3
30.d6 Re6 31.Rbd1 Rf6 32.Qd2 Qf3+ 33.Kh2 Qxc6 34.d7 Rd8 35.Qd5 Qc7 36.Re8+ Kh7
37.Re7 Rf5 38.Qd3 Qc5 39.Re8 Qf2+ 40.Kh3 Rf3 41.Qd6 Rxd7  0-1

[Event "11th Puhajarve Rapid"]
[Site "Harjumaa EST"]
[Date "2010.11.27"]
[Round "11"]
[White "Kanep,M"]
[Black "Schuls,O"]
[Result "1-0"]
[WhiteElo "2537"]
[BlackElo "2224"]

1.d4 Nf6 2.Bg5 c5 3.d5 Ne4 4.Bf4 d6 5.Nd2 Nxd2 6.Qxd2 b6 7.e4 Ba6 8.Nf3 Bxf1
9.Rxf1 Nd7 10.O-O-O h6 11.e5 dxe5 12.Nxe5 Nxe5 13.Bxe5 Qd7 14.Rfe1 O-O-O
15.Qf4 f6 16.Bc3 g5 17.Qc4 Kb7 18.a4 h5 19.Re6 Rc8 20.Qe4 Kb8 21.Kb1 Rh6
22.h3 Rd8 23.f4 h4 24.Rd3 gxf4 25.Bd2 f5 26.Qxf4+  1-0

[Event "60th ch-RUS w Playoff"]
[Site "Moscow RUS"]
[Date "2010.11.27"]
[Round "1"]
[White "Galliamova,A"]
[Black "Pogonina,N"]
[Result "1/2-1/2"]
[WhiteElo "2487"]
[BlackElo "2472"]

1.d4 Nf6 2.Bg5 c5 3.d5 b5 4.Bxf6 exf6 5.e4 a6 6.a4 bxa4 7.c4 g6 8.Nc3 Bg7
9.Bd3 O-O 10.Nge2 d6 11.O-O Nd7 12.f4 f5 13.exf5 Nf6 14.Ng3 Rb8 15.Nxa4 Bd7
16.fxg6 fxg6 17.f5 g5 18.Nc3 Bc8 19.Rb1 h6 20.Kh1 Rb7 21.Bc2 Re7 22.Qf3 Re5
23.Rbe1 Qe7 24.Rxe5 Qxe5 25.b3 g4 26.Qd3 h5 27.Nge2 Bh6 28.g3 Re8 29.Nf4 Bxf4
30.Rxf4 Qe1+ 31.Rf1 Qe3 32.Qxe3 Rxe3 33.Nd1 Re5 34.Kg2 Nh7 35.h3 gxh3+ 36.Kxh3 Kg7
37.g4 Kf6 38.Kh4 Ng5 39.gxh5 Re2 40.Bb1 Rh2+ 41.Kg4 Rg2+ 42.Kf4 Rd2 43.Nf2 Rxf2+
44.Rxf2 Nh3+ 45.Kg3 Nxf2 46.Kxf2 Kg5 47.Kf3 a5 48.h6 Kxh6 49.Kf4 Bd7 50.Bc2 Kg7
51.Kg5 Kf7 52.Bd1 Kg7 53.f6+ Kf8 54.Bg4 a4 55.bxa4 Bxa4 56.Kf5 Bd7+ 57.Kf4 Ba4
58.Bc8 Bb3 59.Ba6 Bc2 60.Bb5 Bd3 61.Ke3 Bf1 62.Kf4 Bd3 63.Kg5 Kf7 64.Ba6 Kf8
65.Bb5 Kf7  1/2-1/2

[Event "XXIII Belgrade Trophy"]
[Site "Obrenovac SRB"]
[Date "2010.11.27"]
[Round "4.37"]
[White "Manojlovic,Se"]
[Black "Popovic,AM"]
[Result "0-1"]
[WhiteElo "2114"]
[BlackElo "2280"]

1.d4 Nf6 2.Bg5 c5 3.Bxf6 exf6 4.d5 Qb6 5.b3 c4 6.e3 Qa5+ 7.c3 cxb3 8.Qxb3 Na6
9.Qb5 Qc7 10.Nf3 Nc5 11.Be2 a6 12.Qb2 b5 13.O-O Rb8 14.Qc2 Bb7 15.Rd1 Bd6
16.c4 b4 17.Nbd2 O-O 18.Nb3 Na4 19.Rd4 g6 20.Rh4 Bxd5 21.e4 Be6 22.Qd2 h5
23.Nfd4 Kg7 24.Rd1 Nc3 25.Nxe6+ dxe6 26.Qxd6 Nxe2+ 27.Kh1 Rbd8 28.e5 fxe5  0-1